Statistics for Abbreviations A-Z Ending With K

Click here to take the quiz!

General Stats

  • This quiz has been taken 6 times
  • The average score is 7 of 26

Answer Stats

HintAnswer% Correct
UKUnited Kingdom
80%
HKHong Kong
60%
JKJust Kidding
60%
IKI Know
40%
YKYou Know
40%
AKAutomat Kalashnikova
20%
BKBurger King
20%
CKCool Kickflip
20%
DKDonkey Kong
20%
EKEvery Knight
20%
FKFrench Kiss
20%
GKGoal Keeping
20%
KKKrusty Krab
20%
LKLeg Kracking
20%
MKMarc Kinchen
20%
NKNot Kidding
20%
OKOll Korrekt
20%
PKPest Killer
20%
QKQuite Kool
20%
RKRowing King
20%
SKSup Karl
20%
TKToru Kotajima
20%
VKVine King
20%
WKWater Kirby
20%
XKXanthophobic Krills
20%
ZKZone Kill
20%

Score Distribution

Percentile by Number Answered

Percent of People with Each Score

Your Score History

You have not taken this quiz